[Event "Euro Online U2300 Day 1"]
[Site "chess.com INT"]
[Date "2020.05.25"]
[Round "6"]
[White "Malczyk, Jakub"]
[Black "Marchenko, Anton"]
[Result "0-1"]
[WhiteElo "2024"]
[BlackElo "2103"]
[WhiteFideId "1130854"]
[BlackFideId "14118416"]
[EventDate "2020.05.25"]

1. d4 d5 2. Nf3 e6 3. Bf4 Nf6 4. e3 c5 5. c3 Nc6 6. Bd3 Bd6 7. Bg3 O-O 8. O-O b6
9. Nbd2 Bb7 10. Rc1 Bxg3 11. hxg3 Rc8 12. Bb1 h6 13. Nb3 Qe7 14. Re1 Rfe8 15. a3
e5 16. dxe5 Nxe5 17. Nxe5 Qxe5 18. Nd2 Qd6 19. Nf3 Qc6 20. Qe2 Ne4 21. Bxe4 dxe4
22. Nd2 Rcd8 23. b3 Re5 24. c4 Rd3 25. Nb1 Rxb3 26. Rc3 Rxc3 27. Nxc3 Ba6 28.
Rd1 Re8 29. a4 Qf6 30. Nb5 Bxb5 31. axb5 Rd8 32. Rxd8+ Qxd8 33. Qa2 Qe7 34. Qd2
Kh7 35. Qd5 Qe6 36. Qxe6 fxe6 37. Kh2 g5 38. g4 Kg6 39. Kg3 Kf6 40. f4 Ke7 41.
Kf2 Kd7 42. Ke2 Kc7 43. Kd2 Kd6 44. g3 Ke7 45. Kc3 Kf6 46. Kd2 h5 47. gxh5 g4
48. Kc3 Kg7 49. Kd2 Kh6 50. Ke2 Kxh5 51. Kd2 Kg6 52. Kc2 Kf7 53. Kc3 Ke7 54. Kc2
Kd7 55. Kb3 Kc7 56. Ka3 Kb7 57. Kb3 a6 58. Ka4 Ka7 59. Kb3 axb5 60. cxb5 Kb7 61.
Kc2 Kc7 62. Kc3 Kd7 63. Kb3 Kd6 64. Kc4 Kd7 65. Kc3 Ke7 66. Kb3 e5 67. Kc3 Ke6
68. Kc4 exf4 69. exf4 Kf5 70. Kc3 Kf6 71. Kb3 Ke6 72. Kc4 Kd6 73. Kc3 Kd5 74.
Kb3 Kd4 75. Kc2 c4 76. Kd2 c3+ 77. Ke2 e3 78. Ke1 Kd3 0-1

[Event "Euro Online U2300 Day 1"]
[Site "chess.com INT"]
[Date "2020.05.25"]
[Round "6"]
[White "Dornbusch, Tatiana"]
[Black "Terbe, Julianna"]
[Result "1-0"]
[WhiteTitle "WGM"]
[BlackTitle "WIM"]
[WhiteElo "2268"]
[BlackElo "2273"]
[WhiteFideId "14107449"]
[BlackFideId "708780"]
[EventDate "2020.05.25"]

1. d4 d5 2. c4 c6 3. Nf3 Nf6 4. e3 Bf5 5. Nc3 e6 6. Nh4 Bg6 7. Qb3 Qc7 8. Bd2
Nbd7 9. Nxg6 hxg6 10. g3 Bd6 11. Bg2 dxc4 12. Qxc4 e5 13. O-O O-O 14. dxe5 Nxe5
15. Qe2 Rfe8 16. f4 Ned7 17. e4 Bc5+ 18. Kh1 Bd4 19. Rac1 Bxc3 20. Bxc3 Nd5 21.
Bd4 Qa5 22. Qc4 N7b6 23. Qb3 Nc7 24. Bc3 Qh5 25. Bd4 Qa5 26. Rfd1 Rad8 27. Bc3
Qa4 28. Qxa4 Nxa4 29. Be5 Ne6 30. b3 Nac5 31. Bd6 f5 32. e5 Rd7 33. b4 Na6 34.
Bf1 Nac7 35. a4 a6 36. Bg2 Kf7 37. Rd2 Red8 38. Rcd1 Ne8 39. Kg1 Nxd6 40. exd6
g5 41. fxg5 Nxg5 42. h4 Nh7 43. Bf1 Nf8 44. Bc4+ Ne6 45. Re2 Rxd6 46. Bxe6+ Rxe6
47. Rxd8 Rxe2 48. Rd7+ Re7 49. Rd6 Rc7 50. Kf2 c5 51. b5 axb5 52. axb5 c4 53. b6
Re7 54. Rd4 Re6 55. Rxc4 Rxb6 56. Rc7+ Kf6 57. Kf3 g5 58. hxg5+ Kxg5 59. Rg7+
Kf6 60. Rh7 Rb3+ 61. Kf4 Rb4+ 62. Kf3 b5 63. Rb7 Ke5 64. Re7+ Kd6 65. Rf7 Ke6
66. Rb7 Rb3+ 67. Kf4 Rb4+ 68. Kf3 Rb1 69. Kf4 Rf1+ 70. Kg5 Rb1 71. Rb6+ Ke5 72.
Rb8 b4 73. Re8+ Kd4 74. Kxf5 b3 75. g4 b2 76. Rb8 1-0

[Event "Euro Online U2300 Day 1"]
[Site "chess.com INT"]
[Date "2020.05.25"]
[Round "6"]
[White "Rzayev, Askar Aliakbar"]
[Black "Sherman, Reem"]
[Result "0-1"]
[WhiteElo "2129"]
[BlackElo "2146"]
[WhiteFideId "13405039"]
[BlackFideId "2822288"]
[EventDate "2020.05.25"]

1. Nf3 Nf6 2. c4 e6 3. g3 d5 4. Bg2 Be7 5. O-O O-O 6. b3 c6 7. Bb2 Nbd7 8. d3 b6
9. Nbd2 Bb7 10. Rc1 Rc8 11. Rc2 c5 12. cxd5 Nxd5 13. a3 Bf6 14. Qa1 Bxb2 15.
Qxb2 Qf6 16. Qxf6 N7xf6 17. Rfc1 Rfd8 18. Ne5 Ne8 19. e4 Ndc7 20. b4 Nb5 21. Bf1
Nxa3 22. Rb2 cxb4 23. Rxc8 Rxc8 24. Rxb4 Nc2 25. Ra4 a5 26. Nd7 Bc6 27. Nxb6 Rb8
28. Rc4 Nb4 29. Nb3 Rxb6 30. Nxa5 Kf8 31. Rxb4 Rxb4 32. Nxc6 Rb1 33. Kg2 Nd6 34.
Nd4 e5 35. Nc6 f6 36. f4 Rb2+ 37. Kf3 exf4 38. gxf4 Rc2 39. Nd4 Rxh2 40. Bg2 Rh5
41. f5 g6 42. Ne6+ Kf7 43. Nf4 Rh6 44. fxg6+ hxg6 45. d4 g5 46. Ne2 Rh4 47. Ng3
Ke6 48. Bf1 Rf4+ 49. Ke3 f5 50. Bh3 Nxe4 51. Nxf5 Kf6 52. Nh6 Nd6 53. Ng4+ Kg7
54. Ne5 Nf5+ 55. Bxf5 Rxf5 56. Ke4 Rf4+ 57. Ke3 Rf1 58. d5 Kf6 59. Ng4+ Ke7 60.
Ne5 Rf5 61. Ke4 Rf4+ 62. Ke3 Rf6 63. Ke4 Rf4+ 64. Ke3 Ra4 65. Nf3 g4 66. Ne5 Kd6
67. Nf7+ Kxd5 68. Kf2 Ke6 69. Ng5+ Kf5 70. Nf7 Kf4 71. Nd6 Ra2+ 72. Kf1 Kf3 73.
Ke1 g3 74. Nf5 g2 75. Nh4+ Kg3 76. Nf5+ Kf4 0-1

[Event "Euro Online U2300 Day 1"]
[Site "chess.com INT"]
[Date "2020.05.25"]
[Round "6"]
[White "Albu, George"]
[Black "Barak, David"]
[Result "0-1"]
[WhiteElo "2142"]
[BlackElo "2116"]
[WhiteFideId "1237128"]
[BlackFideId "387347"]
[EventDate "2020.05.25"]

1. d4 Nf6 2. c4 c5 3. d5 b5 4. cxb5 a6 5. bxa6 g6 6. Nc3 Bxa6 7. e4 Bxf1 8. Kxf1
d6 9. g3 Bg7 10. Kg2 O-O 11. Nf3 Qb6 12. Rb1 Qb7 13. Qc2 Na6 14. a3 Rfb8 15. h3
Nd7 16. Be3 Nc7 17. Nd2 Nb5 18. Nxb5 Qxb5 19. Nc4 Qb3 20. Qxb3 Rxb3 21. Rhc1 Ne5
22. Nxe5 Bxe5 23. Rc2 Ra4 24. Kf3 Kf8 25. h4 h5 26. Ra1 Ke8 27. Rb1 Kd7 28. Ra1
Kc7 29. Ra2 Kb7 30. Ra1 Ka6 31. Rb1 Raxa3 32. bxa3 Rxb1 33. Ra2 Ka5 34. Ke2 Ka4
35. f4 Bc3 36. Kf3 Kb3 37. Rh2 Kxa3 38. g4 Bf6 39. gxh5 gxh5 40. e5 Bh8 41. Rg2
Rb8 42. exd6 exd6 43. Rg5 c4 44. Rxh5 c3 45. Rh7 c2 46. Rxf7 Rb3 47. Rc7 Rc3 48.
Rxc3+ Bxc3 49. Bc1+ Kb3 50. Ke2 Bb2 51. Kd2 Bf6 52. h5 Bg7 53. Kd3 Bh6 54. Ke2
Kc3 55. Kf3 Kd3 56. Kg4 Ke4 57. Kg3 Kxd5 58. Kf3 Kd4 59. Kg4 Ke4 60. Kg3 d5 61.
Kg4 d4 62. Kg3 Kd3 63. Kf3 Kc3 64. Ke4 d3 65. f5 Bxc1 66. f6 Bh6 67. Kf5 c1=Q
68. Kg6 Qg5+ 69. Kf7 d2 70. Ke8 d1=Q 71. f7 Qdd8# 0-1

[Event "Euro Online U2300 Day 1"]
[Site "chess.com INT"]
[Date "2020.05.25"]
[Round "6"]
[White "Abdullayev, Azer"]
[Black "Rajkovic, Dusan"]
[Result "1-0"]
[BlackTitle "GM"]
[WhiteElo "2039"]
[BlackElo "2267"]
[WhiteFideId "13403400"]
[BlackFideId "900265"]
[EventDate "2020.05.25"]

1. d4 Nf6 2. c4 e6 3. Nf3 b6 4. g3 Ba6 5. b3 b5 6. Bg2 bxc4 7. Ne5 Bb4+ 8. Bd2
cxb3 9. axb3 Bxd2+ 10. Nxd2 c6 11. O-O O-O 12. Ndc4 Qc7 13. Qc2 Nd5 14. Nd3 Bb5
15. e4 Ne7 16. e5 Nf5 17. Qc3 d5 18. exd6 Nxd6 19. Rfc1 Bxc4 20. bxc4 Nd7 21.
Ne5 Nxe5 22. dxe5 Nf5 23. Ra6 Ne7 24. Qe3 Rfd8 25. Rca1 Rd7 26. Qc5 g6 27. h4 h5
28. Kh2 Kg7 29. Be4 Qb7 30. R1a2 Rc7 31. Kg2 Qb3 32. R2a3 Qb2 33. Ra2 Qc3 34.
R6a3 Qe1 35. Re3 Qc1 36. Rea3 Rd7 37. Rc2 Qd1 38. Rca2 Qd4 39. Qxd4 Rxd4 40. Bf3
Rxc4 41. Rxa7 Rxa7 42. Rxa7 Nf5 43. Rc7 c5 44. Bb7 Rc1 45. Bc6 Kf8 46. Rc8+ Kg7
47. Rc7 c4 48. Be8 Nh6 49. Kf3 c3 50. Kg2 Kf8 51. Ba4 Ra1 52. Rc8+ Kg7 53. Be8
Ra3 54. Bb5 Nf5 55. Rc7 Ra5 56. Be8 Nh6 57. Rxc3 Rxe5 58. Ba4 Re2 59. Bd1 Rd2
60. Bf3 Nf5 61. Ra3 Rb2 62. Rd3 e5 63. Be4 Nd4 64. Kf1 f5 65. Bd5 Rb5 66. Bc4
Rc5 67. Ba2 Rc2 68. Bd5 Kf6 69. Bb7 Rb2 70. Ba8 Rb4 71. Rc3 e4 72. Kg2 Rb1 73.
f4 1-0

[Event "Euro Online U2300 Day 1"]
[Site "chess.com INT"]
[Date "2020.05.25"]
[Round "6"]
[White "Asgeirsson, Heimir"]
[Black "Borkovec, Milan"]
[Result "1/2-1/2"]
[WhiteElo "2204"]
[BlackElo "2219"]
[WhiteFideId "2301083"]
[BlackFideId "307610"]
[EventDate "2020.05.25"]

1. d4 Nf6 2. c4 g6 3. Nc3 Bg7 4. e4 O-O 5. f4 d6 6. Nf3 c5 7. d5 a6 8. Bd3 Bg4
9. O-O Nbd7 10. Qe1 Bxf3 11. Rxf3 Ne8 12. Bd2 Nc7 13. Rh3 e6 14. dxe6 fxe6 15.
Rd1 Qe7 16. Kh1 Rab8 17. a4 Rbe8 18. Qg3 Nb8 19. Rf1 Nc6 20. f5 exf5 21. exf5
Ne5 22. Bc2 Qf7 23. b3 Qd7 24. Qh4 Bf6 25. Bg5 Bxg5 26. Qxg5 Ne6 27. Qg3 Nd4 28.
Be4 Nxf5 29. Bd5+ Kg7 30. Qe1 Nxc4 31. Ne4 Nce3 32. Qa1+ Nd4 33. Rxe3 Rxf1+ 34.
Qxf1 Qf5 35. Ng3 Qxf1+ 36. Nxf1 Rxe3 37. Nxe3 b5 38. axb5 axb5 39. g3 h5 40. Kg2
Kf6 41. Kf2 Ke5 42. h4 Kf6 43. Ng2 g5 44. Ne1 gxh4 45. gxh4 Nf5 46. Nf3 Ne7 47.
Bb7 d5 48. Ke3 Ke6 49. Ba6 b4 50. Kf4 Kf6 51. Be2 Ng6+ 52. Ke3 Ke6 53. Bd3 Kf6
54. Bc2 c4 55. Kd4 cxb3 56. Bxb3 Kf5 57. Bxd5 Kf4 58. Be4 Ne7 59. Kc4 Nf5 60.
Bc6 Kg3 61. Kxb4 Nxh4 62. Ng5 Nf5 63. Kc3 h4 64. Bd7 Ne3 65. Kd2 Ng4 66. Ke2 h3
67. Bc6 h2 68. Ne4+ Kf4 69. Nd2 Ne5 70. Bb7 Kg3 71. Nf1+ Kh3 72. Be4 Nd7 73. Kf2
Nf6 74. Bg2+ Kh4 75. Nxh2 Ng4+ 76. Kg1 Nxh2 1/2-1/2

[Event "Euro Online U2300 Day 1"]
[Site "chess.com INT"]
[Date "2020.05.25"]
[Round "6"]
[White "Nalbant, Tuna Onat"]
[Black "Sahakyan, Arman K."]
[Result "0-1"]
[WhiteTitle "IM"]
[WhiteElo "2372"]
[BlackElo "1775"]
[WhiteFideId "6372821"]
[BlackFideId "13310992"]
[EventDate "2020.05.25"]

1. Nf3 d6 2. g3 e5 3. Bg2 Nf6 4. O-O Nbd7 5. d3 Be7 6. e4 O-O 7. Ne1 c6 8. f4
Qb6+ 9. Kh1 Rd8 10. f5 d5 11. Nc3 dxe4 12. dxe4 Nc5 13. Qe2 Qa6 14. Qf3 b5 15.
b4 Na4 16. Nxa4 Qxa4 17. Nd3 Qxc2 18. Nxe5 Bb7 19. Bg5 h6 20. Rac1 Qxa2 21. Bxf6
Bxf6 22. Ng4 Bg5 23. Rc5 Qd2 24. f6 g6 25. Nf2 Qxb4 26. Rc2 Qd4 27. e5 Qxe5 28.
h4 Bd2 29. Ng4 Qe6 30. Kh2 h5 31. Nf2 Qe3 32. Qd1 Bb4 33. Qb1 Bd6 34. Ne4 Be5
35. Re1 Qd3 36. Qc1 Qd4 37. Rf1 Bd6 38. Re2 Bf8 39. Ng5 Qc4 40. Rc2 Qb4 41. Rb2
Qc5 42. Rc2 Qa3 43. Qf4 Bd6 44. Qf2 Qa4 45. Be4 Rd7 46. Kg2 c5 47. Bxb7 Rxb7 48.
Rd2 Bf8 49. Qf3 Rab8 50. Ne4 c4 51. g4 c3 52. Re2 c2 53. gxh5 Rc8 54. hxg6 fxg6
55. f7+ Kh8 56. Qf6+ Bg7 57. Qe6 Rf8 58. Qe8 Rb8 59. Qe6 Qc4 60. Ng3 Qxe6 61.
Rxe6 Rxf7 62. Rc1 Rc7 63. h5 Bb2 64. Rh1 c1=Q 65. Rxc1 Bxc1 66. hxg6 b4 67. Nf5
b3 68. Re1 b2 69. Rh1+ Kg8 70. g7 Kf7 71. Rh8 Rg8 72. Nh6+ Bxh6 73. Rxh6 Rxg7+
74. Kf3 b1=Q 0-1

[Event "Euro Online U2300 Day 1"]
[Site "chess.com INT"]
[Date "2020.05.25"]
[Round "6"]
[White "Strybuk, Artsiom I"]
[Black "Hristodoulou, Panagiotis"]
[Result "1-0"]
[WhiteTitle "FM"]
[BlackTitle "FM"]
[WhiteElo "2215"]
[BlackElo "2302"]
[WhiteFideId "13515659"]
[BlackFideId "4214340"]
[EventDate "2020.05.25"]

1. d4 Nf6 2. c4 g6 3. Nf3 Bg7 4. g3 O-O 5. Bg2 d6 6. O-O Nc6 7. Nc3 e5 8. d5 Nb8
9. c5 Na6 10. cxd6 cxd6 11. Nd2 Bg4 12. b3 Rc8 13. Bb2 Nc5 14. h3 Bd7 15. b4 Na6
16. a3 Nc7 17. Rc1 Nb5 18. e3 Nxc3 19. Bxc3 Bb5 20. Re1 Nd7 21. Qb3 Nb6 22. Bb2
Qd7 23. Kh2 f5 24. Bf1 a6 25. Nc4 Nxc4 26. Bxc4 Bxc4 27. Rxc4 Rxc4 28. Qxc4 Rc8
29. Qb3 e4 30. Rc1 Rxc1 31. Bxc1 Qb5 32. Qc2 Qxd5 33. Qc8+ Bf8 34. Kg2 Kf7 35.
Bb2 Qc6 36. Qd8 Qd5 37. Qc7+ Be7 38. Qc8 Bf8 39. Qc7+ Kg8 40. Qc3 Kf7 41. Qh8 h5
42. Qh7+ Ke8 43. Qxg6+ Qf7 44. Qg5 Kd7 45. Bd4 Be7 46. Qh6 Kc6 47. Qh8 Bf8 48.
Bb2 b5 49. Qc3+ Kb7 50. Qd4 h4 51. gxh4 Kc6 52. Qc3+ Kb7 53. Qf6 Qg8+ 54. Kf1
Qc4+ 55. Kg2 Qg8+ 56. Qg5 Qd5 57. h5 Qd2 58. Bd4 Qd1 59. Qxf5 Kc6 60. Qxf8 Qxh5
61. Qc8+ Kd5 62. Qa8+ Kc4 63. Qxe4 Kb3 64. Qg4 Qd5+ 65. Qf3 Qg5+ 66. Qg4 Qd5+
67. Qf3 Qg5+ 68. Kh2 d5 69. Qg4 Qe7 70. Qd1+ Kxa3 71. Qa1+ Kxb4 72. Qxa6 Qf7 73.
Qf6 Qg8 74. Qd6+ Kc4 75. Qc5+ Kd3 76. Qxb5+ Ke4 77. Qb1+ Kf3 78. Qf5+ Ke2 79.
Qg4+ Qxg4 80. hxg4 Kxf2 81. g5 Kf3 82. g6 Ke4 83. g7 1-0

[Event "Euro Online U2300 Day 1"]
[Site "chess.com INT"]
[Date "2020.05.25"]
[Round "6"]
[White "Bjornsson, Gunnar"]
[Black "Maximov, Oleg"]
[Result "0-1"]
[WhiteElo "2131"]
[BlackElo "2219"]
[WhiteFideId "2302039"]
[BlackFideId "4176960"]
[EventDate "2020.05.25"]

1. e4 c5 2. Nf3 g6 3. d4 Bg7 4. Nc3 cxd4 5. Nxd4 Nc6 6. Be3 Nf6 7. Bc4 O-O 8.
Bb3 Re8 9. f3 d5 10. Nxd5 Nxd5 11. exd5 Nb4 12. c4 e6 13. d6 Qxd6 14. O-O Rd8
15. Nb5 Qe7 16. Qe2 a6 17. Nc3 Bd7 18. Bb6 Rdc8 19. a3 Nc6 20. Rad1 Be8 21. Ne4
Ne5 22. f4 Nd7 23. Bd4 Bxd4+ 24. Rxd4 Nc5 25. Nxc5 Qxc5 26. Qf2 a5 27. Rfd1 Kg7
28. Bc2 Bc6 29. Qe3 b5 30. Qe5+ Qxe5 31. fxe5 bxc4 32. Rxc4 Bd5 33. Rxc8 Rxc8
34. Rd2 Rc4 35. Kf2 h5 36. g3 Rc5 37. Ke3 Rb5 38. Bd1 Kf8 39. Be2 Rb3+ 40. Kd4
Ke7 41. Bc4 Bxc4 42. Kxc4 Re3 43. Kd4 Rb3 44. Kc4 Re3 45. Kd4 Rb3 46. Rc2 Kd7
47. Re2 Rb5 48. Kc4 Rd5 49. b4 axb4 50. axb4 Rd1 51. b5 Kc7 52. Rc2 Kb6 53. h3
Rd5 54. Rb2 Rxe5 55. g4 hxg4 56. hxg4 Re4+ 57. Kd3 Rxg4 58. Ke3 Rg5 59. Rf2 Rf5
60. Rc2 Rxb5 61. Rc8 Rc5 62. Rf8 Rc7 63. Kf4 Kc6 64. Ke5 Rd7 65. Kf6 Kd6 66. Ra8
e5 67. Ra5 e4 68. Re5 Rc7 69. Rxe4 Kd5 70. Re1 Ra7 71. Rd1+ Ke4 72. Re1+ Kf3 73.
Rf1+ Kg2 74. Rb1 Ra6+ 75. Kxf7 g5 76. Rb2+ Kg3 77. Rb3+ Kh4 78. Rb8 g4 79. Rh8+
Kg3 80. Rb8 Kh3 81. Rh8+ Kg2 82. Rb8 g3 83. Rb3 Kh2 84. Rb8 Ra4 85. Kf6 g2 86.
Rh8+ Kg3 87. Rh1 0-1

[Event "Euro Online U2300 Day 1"]
[Site "chess.com INT"]
[Date "2020.05.25"]
[Round "6"]
[White "Kudrytskyi, Stanislav"]
[Black "Potapova, Margarita"]
[Result "0-1"]
[BlackTitle "WIM"]
[WhiteElo "2057"]
[BlackElo "2270"]
[WhiteFideId "14133091"]
[BlackFideId "14126869"]
[EventDate "2020.05.25"]

1. d4 Nf6 2. c4 g6 3. Nc3 d5 4. cxd5 Nxd5 5. Nf3 Bg7 6. Bg5 O-O 7. e3 Nxc3 8.
bxc3 c5 9. Be2 Nc6 10. O-O Qc7 11. Rb1 Bf5 12. Bd3 Bg4 13. h3 Bxf3 14. Qxf3 Rad8
15. Be4 Rd7 16. Rxb7 Qxb7 17. Bxc6 Qc7 18. Bxd7 Qxd7 19. Rb1 cxd4 20. exd4 e6
21. Qb7 Qa4 22. Qb3 Qa5 23. Be7 Rc8 24. Bc5 h5 25. a4 Rc7 26. Qb5 Qxb5 27. Rxb5
Bh6 28. Ra5 Bd2 29. Rxa7 Rc8 30. Rb7 Bxc3 31. Rb3 Bd2 32. Rd3 Ba5 33. Kf1 Rb8
34. Bd6 Rb2 35. Be5 Ra2 36. Rb3 g5 37. Rg3 Bd8 38. Rc3 Ba5 39. Rc4 Kh7 40. Bc7
Bxc7 41. Rxc7 Kg6 42. Ra7 Rd2 43. Ke1 Rxd4 44. Ke2 f6 45. Ke3 Rb4 46. a5 Kf5 47.
a6 Rb3+ 48. Kd4 e5+ 49. Kc4 Rb2 50. Rb7 Rxf2 51. Rb4 Rxg2 52. Kb5 Ra2 53. Ra4
Rb2+ 54. Kc6 Rc2+ 55. Kd7 Rd2+ 56. Ke7 Rb2 57. a7 Rb7+ 58. Kd6 Rxa7 59. Rxa7 Kf4
60. Ke6 g4 61. hxg4 hxg4 62. Kxf6 e4 63. Ra5 g3 64. Rf5+ Ke3 65. Ke5 g2 66. Rg5
Kf3 67. Rg6 e3 68. Rf6+ Kg3 69. Rg6+ Kf2 70. Rf6+ Ke1 71. Rg6 Kf1 72. Rf6+ Kg1
73. Kf4 e2 74. Re6 Kf2 75. Kg4 g1=Q+ 76. Kh3 e1=Q 77. Re2+ Qxe2 78. Kh4 Qeg4# 0-1

[Event "Euro Online U2300 Day 1"]
[Site "chess.com INT"]
[Date "2020.05.25"]
[Round "6"]
[White "Atanasov, Radislav"]
[Black "Kabanova, Ekaterina"]
[Result "1/2-1/2"]
[BlackTitle "WFM"]
[WhiteElo "2115"]
[BlackElo "2138"]
[WhiteFideId "2901471"]
[BlackFideId "24112917"]
[EventDate "2020.05.25"]

1. e4 c5 2. c3 e6 3. Nf3 a6 4. d4 Qc7 5. Bd3 d6 6. O-O Nd7 7. Re1 b5 8. Qe2 c4
9. Bc2 e5 10. Nbd2 Ngf6 11. Nf1 Be7 12. Ng3 g6 13. Bh6 Ng4 14. Bg5 Ngf6 15. Rad1
h6 16. Be3 Ng4 17. Bc1 Ngf6 18. h3 Bf8 19. Qd2 Bb7 20. b3 Rc8 21. Ba3 cxb3 22.
Bxb3 Qxc3 23. Qxc3 Rxc3 24. Bb2 Rc8 25. dxe5 dxe5 26. Nxe5 Nxe5 27. Bxe5 Bg7 28.
Bd6 Nd7 29. e5 Nc5 30. Bd5 Bxd5 31. Rxd5 Ne6 32. Ne4 Rc2 33. a3 h5 34. h4 Rc4
35. f3 Rc2 36. Kf1 Nf4 37. Rc5 Rxc5 38. Nxc5 a5 39. g3 Ne6 40. Nxe6 fxe6 41. Rc1
Kd8 42. Ke2 Bf8 43. Rc5 Bxd6 44. exd6 b4 45. Rxa5 Kd7 46. axb4 Rb8 47. Rg5 Rg8
48. Ke3 Kxd6 49. b5 Ke7 50. Kd4 Kd6 51. Kc4 e5 52. b6 Rc8+ 53. Kb5 Rc3 54. Rxg6+
Kd5 55. Ka6 Ra3+ 56. Kb7 Rxf3 57. Kc7 Rc3+ 58. Kb8 e4 59. Rg5+ Kd4 60. Rxh5 e3
61. Rb5 Rc1 62. Rb2 Kd3 63. b7 Rc2 64. Rb1 e2 65. Ka7 Ra2+ 66. Kb6 Kc2 67. b8=Q
Kxb1 68. Kc6+ Kc1 69. Qe5 Rd2 70. Qe3 Kc2 71. h5 Kd1 72. h6 e1=Q 73. Qxe1+ Kxe1
74. g4 Rg2 75. h7 Rh2 76. Kd6 Rxh7 77. Ke6 Rh6+ 78. Kf5 Kf2 79. g5 Ra6 80. g6
Kf3 81. Kg5 Ke4 82. g7 Ra8 83. Kg6 Ke5 84. Kf7 Ra7+ 85. Kf8 Kf6 86. g8=N+ Ke6
87. Nh6 Kf6 88. Ng8+ Kg6 89. Ne7+ Kf6 90. Ng8+ 1/2-1/2

[Event "Euro Online U2300 Day 1"]
[Site "chess.com INT"]
[Date "2020.05.25"]
[Round "6"]
[White "Astafurov, Arseniy"]
[Black "Kusa, Jakub"]
[Result "0-1"]
[WhiteTitle "FM"]
[WhiteElo "2330"]
[BlackElo "2177"]
[WhiteFideId "24175218"]
[BlackFideId "395595"]
[EventDate "2020.05.25"]

1. c4 Nf6 2. Nf3 e6 3. e3 d5 4. b3 Be7 5. Bb2 O-O 6. Nc3 c5 7. d4 Nc6 8. cxd5
Nxd5 9. Nxd5 Qxd5 10. Bc4 Qd8 11. O-O cxd4 12. Nxd4 Nxd4 13. Bxd4 Bd7 14. Qh5
Bf6 15. Rad1 Bxd4 16. Rxd4 Qe7 17. Bd3 g6 18. Qh6 f5 19. h4 e5 20. Bc4+ Be6 21.
Bxe6+ Qxe6 22. Rc4 Rac8 23. Rxc8 Rxc8 24. Rd1 Qe7 25. h5 Rc6 26. hxg6 hxg6 27.
Qh3 Rd6 28. Rc1 Rc6 29. Rf1 Rc2 30. Qf3 Rxa2 31. Qd5+ Kg7 32. Rc1 Ra6 33. g3 Rd6
34. Qa5 b6 35. Qb5 Kf6 36. Qc4 Qd7 37. Qg8 Rd1+ 38. Rxd1 Qxd1+ 39. Kg2 Qd7 40.
Qh8+ Ke6 41. Qg8+ Qf7 42. Qc8+ Kf6 43. Qd8+ Kg7 44. b4 Qb7+ 45. Kg1 a6 46. Qd6
e4 47. Qe5+ Kh7 48. Qc3 Qa7 49. g4 a5 50. bxa5 bxa5 51. gxf5 gxf5 52. Qc4 a4 53.
Qb5 Kg6 54. Qc6+ Kg5 55. Qd6 a3 56. Qf4+ Kf6 57. Qd6+ Kf7 58. Qd5+ Ke8 59. Qe5+
Kd8 60. Qh8+ Kc7 61. Qe5+ Kb7 62. Qd5+ Ka6 63. Qc4+ Ka5 64. Qc3+ Kb5 65. Qb3+
Kc6 66. Qc4+ Qc5 67. Qe6+ Kb5 68. Qb3+ Qb4 69. Qd5+ Ka4 70. Qd1+ Ka5 71. Qd5+
Qb5 72. Qd2+ Ka4 73. Qc2+ Kb4 74. Qd2+ Kb3 75. Qd1+ Kb2 76. Qd2+ Ka1 77. Kg2 Qb2
78. Qd1+ Ka2 79. Qd5+ Qb3 80. Qd2+ Kb1 81. Qe1+ Kc2 82. Qe2+ Kc3 83. Qe1+ Kc4
84. Qc1+ Qc3 85. Qf1+ Qd3 86. Qc1+ Kb4 87. Qa1 Kb3 88. Kg3 a2 89. Qe5 Qc3 90.
Qb5+ Ka3 91. Qa6+ Kb2 92. Qe2+ Qc2 93. Qb5+ Kc1 94. Qf1+ Kd2 95. Qa1 Ke2 96. Kg2
Qb3 97. Qf1+ Kd2 98. Qa1 Kc2 99. Qe1 Qg8+ 100. Kh2 Qh8+ 101. Kg2 a1=Q 0-1

[Event "Euro Online U2300 Day 1"]
[Site "chess.com INT"]
[Date "2020.05.25"]
[Round "6"]
[White "Haring, Filip"]
[Black "Vakhania, Aleksandra"]
[Result "1/2-1/2"]
[WhiteTitle "FM"]
[BlackTitle "WIM"]
[WhiteElo "2306"]
[BlackElo "2138"]
[WhiteFideId "14933080"]
[BlackFideId "13602560"]
[EventDate "2020.05.25"]

1. Nf3 d5 2. g3 Nf6 3. Bg2 g6 4. O-O Bg7 5. d3 O-O 6. Nbd2 c5 7. e4 Nc6 8. Re1
Bg4 9. h3 Bxf3 10. Bxf3 e6 11. Bg2 Rc8 12. exd5 exd5 13. Nf3 d4 14. Ne5 Nd5 15.
Nxc6 Rxc6 16. Bd2 Rd6 17. Qf3 b5 18. a4 a6 19. axb5 axb5 20. Ra5 Qb6 21. Rea1
Nb4 22. Qd1 Re6 23. Ra8 Rfe8 24. Bxb4 cxb4 25. Bd5 Re7 26. Qf3 Qf6 27. Qxf6 Bxf6
28. Rxe8+ Rxe8 29. Ra7 Re7 30. Ra8+ Kg7 31. Rb8 Rc7 32. Rxb5 Be7 33. Bb3 Bc5 34.
Kg2 Kf6 35. Kf3 Ke7 36. Ke4 Kd6 37. Rb8 Re7+ 38. Kf3 f6 39. Rf8 f5 40. Rh8 Ke5
41. Rc8 Bd6 42. Ra8 Kf6 43. Ra6 Rd7 44. Ba4 Rd8 45. Rb6 h6 46. Bb3 g5 47. Rb5 h5
48. Rd5 Be7 49. Rb5 g4+ 50. Kg2 gxh3+ 51. Kxh3 Rh8 52. Rb6+ Kg7 53. Re6 Bf6 54.
Rb6 h4 55. Rxb4 hxg3+ 56. Kxg3 Be5+ 57. Kf3 Rh3+ 58. Ke2 Rh2 59. Rb7+ Kf6 60.
Kf3 Rh3+ 61. Kg2 Rh2+ 62. Kg1 Rh8 63. Rf7+ Kg6 64. Be6 Re8 65. Bc4 Kg5 66. Rb7
Kf4 67. Bd5 Rc8 68. Bc4 Kf3 69. Re7 Bd6 70. Rd7 Be5 71. b4 Rb8 72. b5 Rb6 73.
Bd5+ Kf4 74. Bc6 Rb8 75. Kf1 Bf6 76. Rf7 Ke5 77. Bb7 Rh8 78. b6 Bd8 79. Bc8 Bxb6
80. Rxf5+ Kd6 81. Ba6 Bc5 82. Bc4 Kc6 83. Rf6+ Kc7 84. Ke2 Bd6 85. Kf3 Rf8 86.
Rxf8 Bxf8 87. Ke4 Bg7 88. f4 Kd6 89. Kf5 Ke7 90. Kg6 Bf6 91. Bd5 Bh8 92. f5 Bf6
93. Be6 Be5 1/2-1/2

[Event "Euro Online U2300 Day 1"]
[Site "chess.com INT"]
[Date "2020.05.25"]
[Round "6"]
[White "Finek, Vaclav"]
[Black "Palchuk, Andrii"]
[Result "1/2-1/2"]
[WhiteTitle "FM"]
[BlackTitle "FM"]
[WhiteElo "2203"]
[BlackElo "2183"]
[WhiteFideId "23718293"]
[BlackFideId "14176688"]
[EventDate "2020.05.25"]

1. d4 Nf6 2. c4 c6 3. Nc3 d5 4. cxd5 cxd5 5. Bf4 Nc6 6. e3 Bf5 7. Nf3 e6 8. Bb5
Bd6 9. Ne5 Bxe5 10. Bxe5 O-O 11. Bg3 Na5 12. O-O a6 13. Bd3 Bxd3 14. Qxd3 b5 15.
b3 Rc8 16. Rac1 Qb6 17. Ne2 Nc6 18. Qd2 Ne4 19. Qb2 Nb4 20. Rxc8 Rxc8 21. Rc1
Rxc1+ 22. Qxc1 Qc6 23. Qxc6 Nxc6 24. f3 Nf6 25. Bd6 Nd7 26. Kf2 f6 27. e4 Kf7
28. Ke3 Nb6 29. Kd3 e5 30. Bc5 dxe4+ 31. Kxe4 Nd7 32. Kd5 Nxd4 33. Nxd4 exd4 34.
Bxd4 Nf8 35. Kc6 Ne6 36. Be3 Ke7 37. f4 g6 38. g3 Nd8+ 39. Kb6 Kd7 40. Kxa6 Kc6
41. Ka5 Ne6 42. Kb4 Nc7 43. Bd4 Nd5+ 44. Ka3 f5 45. Kb2 b4 46. Kc2 Kb5 47. Kd3
Nc7 48. Be5 Ne6 49. Bd6 h6 50. Ke3 g5 51. fxg5 hxg5 52. h4 f4+ 53. gxf4 gxh4 54.
f5 Ng7 55. Ke4 h3 56. Bh2 Kc6 57. Ke5 Kd7 58. Kf6 Ne8+ 59. Kf7 Nd6+ 60. Kg6 Ne4
61. f6 Nc5 62. Kf5 Ne6 63. Kg4 Nd4 64. Kg5 Nf3+ 65. Kg6 Nh4+ 66. Kg7 Ke6 67. f7
Nf5+ 68. Kg6 Ne7+ 69. Kg5 Kxf7 70. Kg4 Ke6 71. Kxh3 Kd5 72. Kg4 Nc6 73. Kf3 Nd4+
74. Ke3 Nb5 75. Kd2 Nd4 76. Bb8 Nc6 77. Bg3 Nd4 78. Kd3 Ne6 79. Be1 Kc5 80. Bd2
Kb5 81. Be3 Nd8 82. Ke4 Nc6 83. Kd5 Ne7+ 84. Ke6 Nc6 85. Kd6 Na5 86. Kc7 Nc6 87.
Kd6 Na5 88. Kd5 Nb7 89. Bg5 Nc5 90. Bd2 Na6 91. Kd4 Nc5 92. Kd5 Nd7 93. Ke6 Nc5+
94. Kd5 1/2-1/2